[Event "CZE-ch U12 Girls"]
[Site "Teplice"]
[Date "2023.03.17"]
[Round "8"]
[White "Brabcova, Nikola"]
[Black "Langner, Laura"]
[Result "0-1"]
[WhiteElo "1250"]
[BlackElo "1035"]
[PlyCount "88"]
[EventDate "2023.03.11"]
[EventType "swiss"]
[EventRounds "9"]
[EventCountry "CZE"]
[SourceTitle "CBM 213 Extra"]
[Source "ChessBase"]
[SourceDate "2023.05.31"]
[SourceVersion "1"]
[SourceVersionDate "2023.05.31"]
[SourceQuality "1"]

1. e4 e5 2. Bc4 Nf6 3. Nf3 d6 4. Ng5 d5 5. exd5 Nxd5 6. d4 Be7 7. Qf3 Bxg5 8. Bxg5 Qxg5 9. Bxd5 0-0 10. Nd2 c6 11. Bb3 exd4 12. h3 Re8+ 13. Kf1 Be6 14. Ne4 Qe7 15. Re1 Nd7 16. Qg3 Bxb3 17. axb3 Nf6 18. f3 Rad8 19. Re2 Kh8 20. Kf2 d3 21. cxd3 Nxe4+ 22. dxe4 Qc5+ 23. Kf1 Rd1+ 24. Re1 Rxe1+ 25. Qxe1 Rd8 26. g3 Qb5+ 27. Kg2 Qxb3 28. Qf2 Qb4 29. Re1 Rd2 30. Re2 Rxe2 31. Qxe2 a5 32. Qd1 Qxb2+ 33. Kh1 h6 34. Qd8+ Kh7 35. Qxa5 Qf6 36. Qf5+ Qxf5 37. exf5 b5 38. Kg2 b4 39. Kf2 b3 40. Ke3 b2 41. Kf4 b1Q 42. Kg4 Qb4+ 43. Kh5 g6+ 44. fxg6+ fxg6# 0-1

[Event "CZE-ch U12 Girls"]
[Site "Teplice"]
[Date "2023.03.14"]
[Round "5"]
[White "Brabcova, Nikola"]
[Black "Archlebova, Eva"]
[Result "1-0"]
[WhiteElo "1250"]
[BlackElo "1039"]
[PlyCount "41"]
[EventDate "2023.03.11"]
[EventType "swiss"]
[EventRounds "9"]
[EventCountry "CZE"]
[SourceTitle "CBM 213 Extra"]
[Source "ChessBase"]
[SourceDate "2023.05.31"]
[SourceVersion "1"]
[SourceVersionDate "2023.05.31"]
[SourceQuality "1"]

1. e4 e5 2. d4 exd4 3. Qxd4 Nc6 4. Qe3 Nf6 5. Nc3 Bb4 6. Bd2 0-0 7. 0-0-0 Re8 8. Qg3 g6 9. Nf3 Bxc3 10. Bxc3 Nxe4 11. Qf4 Nxc3 12. bxc3 d5 13. Bd3 Qd6 14. Qg5 Qa3+ 15. Kb1 Qxc3 16. h4 Kh8 17. h5 Bf5 18. hxg6 Bxd3 19. Rxh7+ Kg8 20. gxf7+ Kxh7 21. Rh1# 1-0

[Event "CZE-ch U12 Girls"]
[Site "Teplice"]
[Date "2023.03.11"]
[Round "1"]
[White "Brabcova, Nikola"]
[Black "Levchenko, Alisa"]
[Result "0-1"]
[WhiteElo "1250"]
[BlackElo "1000"]
[PlyCount "110"]
[EventDate "2023.03.11"]
[EventType "swiss"]
[EventRounds "9"]
[EventCountry "CZE"]
[SourceTitle "CBM 213 Extra"]
[Source "ChessBase"]
[SourceDate "2023.05.31"]
[SourceVersion "1"]
[SourceVersionDate "2023.05.31"]
[SourceQuality "1"]

1. e4 c5 2. Nf3 d6 3. d4 cxd4 4. Nxd4 Nf6 5. Nc3 g6 6. Bg5 h6 7. Bh4 Bg7 8. Bd3 0-0 9. 0-0 Nc6 10. Nxc6 bxc6 11. f4 Ng4 12. Qe2 Qb6+ 13. Kh1 Qxb2 14. f5 Ne5 15. Qd2 Nxd3 16. f6 exf6 17. Rab1 Qa3 18. Rb3 Qa5 19. cxd3 Be6 20. Rb2 f5 21. Rc2 fxe4 22. dxe4 f5 23. exf5 Bxf5 24. Rcc1 d5 25. Rf2 d4 26. Nd1 Qxd2 27. Rxd2 Bg4 28. Nf2 h5 29. Rxc6 Rac8 30. Rdc2 d3 31. Rxc8 Bxc8 32. Rd2 Ba6 33. h3 Bc3 34. Rd1 d2 35. Ne4 Be2 36. Rb1 Bd3 37. Rd1 Bxe4 38. Bg5 Bc2 39. Rxd2 Bxd2 40. Bxd2 Rf1+ 41. Kh2 Ra1 42. Be3 Rxa2 43. g4 Bd1+ 44. Kg3 Ra3 45. Kf4 hxg4 46. hxg4 Bxg4 47. Kxg4 Rxe3 48. Kg5 a5 49. Kg4 a4 50. Kg5 a3 51. Kg4 a2 52. Kg5 a1Q 53. Kg4 Qf1 54. Kg5 Rg3+ 55. Kh6 Qh3# 0-1